Statystyki dla Dwuznakowe liczby rzymskie

Kliknij tutaj aby rozwiązać quiz!

Ogólne statystyki

  • Ten quiz został rozwiązany 3 857 razy
  • Średni wynik to 19 z 31

Statystyki odpowiedzi

#System rzymski% Poprawnych
11XI
97%
2II
96%
6VI
96%
4IV
95%
9IX
93%
20XX
91%
15XV
86%
60LX
68%
40XL
68%
110CX
63%
51LI
63%
101CI
61%
55LV
61%
200CC
59%
90XC
59%
2000MM
56%
150CL
55%
105CV
54%
1100MC
53%
1001MI
51%
1010MX
50%
900CM
46%
1050ML
46%
400CD
45%
1500MD
44%
600DC
43%
510DX
43%
1005MV
43%
501DI
42%
550DL
38%
505DV
36%

Rozkład punktacji

Percentyl według liczby udzielonych odpowiedzi

Procent ludzi z każdym wynikiem

Twoja historia wyników

Nie rozwiązałeś tego quizu